Estudios de sociología del derecho /

Gespeichert in:
Bibliographische Detailangaben
1. Verfasser: Geiger, Theodor (autor)
Weitere Verfasser: Trappe, Paul (introducción y bibliografía) (introducción y bibliografía)
Format: Buch
Sprache:Spanisch
Veröffentlicht: México : Fondo de Cultura Económica, 1983, c1983
Schriftenreihe:(Sección de Obras de Sociología)
Schlagworte:
Tags: Tag hinzufügen
Keine Tags, Fügen Sie das erste Tag hinzu!

MARC

LEADER 00000nam^a2200000^a^4500
001 000361958
005 20250815000000.0
009 20260310115507.343
020 |a 968-16-1540-9 
025 |a Donación Ignacio González Luna, 1 ejemplar 
037 |a Acervo ITESO - Biblioteca 
041 |a ESP 
082 |a 340. 115  |b GEI 
100 |a Geiger, Theodor  |e (autor) 
245 1 0 |a Estudios de sociología del derecho /  |c T. Geiger ; introd. y bibliog. de P. Trappe ; tr. por Arturo Camacho, Guillermo Hirata, Ricardo Orozco. 
264 4 |a México :  |b Fondo de Cultura Económica,  |c 1983, c1983 
300 |a 413 p. 
336 |a texto  |b txt  |2 rdacontenido 
337 |a sin mediación  |b n  |2 rdamedio 
338 |a volumen  |b nc  |2 rdasoporte 
440 1 |a (Sección de Obras de Sociología) 
500 |a Traducción de: Vorstudien zu einer Soziologie des rechts 
649 |a XX 
650 |a Norma Social 
650 |a Comportamiento Social 
650 |a Orden Social 
650 |a Poder (Ciencias Sociales) 
650 |a Etica 
650 |a Sociología Política 
650 |a Sociología del Derecho -  |x Tema Principal 
650 |a Derecho 
700 |a Trappe, Paul  |e (introducción y bibliografía) 
910 |a Fondo Ignacio González Luna Morfín 
920 |a Impresos - Libros 
930 |a Fondos Especiales 
905 |a 136 
901 |a 0500255383  |b IT2  |c ESP  |i D  |u 20250521 
902 |a https://opac.biblio.iteso.mx/vufind/Record/000361958